|
|
|
|
| LEADER |
01925nam a2200421 i 4500 |
| 001 |
EBC2083394 |
| 003 |
MiAaPQ |
| 005 |
20200520144314.0 |
| 006 |
m o d | |
| 007 |
cr cnu|||||||| |
| 008 |
150730t20142014sz ad ob 000 0 eng d |
| 020 |
|
|
|z 9789221293170
|
| 020 |
|
|
|a 9789221293187
|q (electronic bk.)
|
| 035 |
|
|
|a (MiAaPQ)EBC2083394
|
| 035 |
|
|
|a (Au-PeEL)EBL2083394
|
| 035 |
|
|
|a (CaPaEBR)ebr11080850
|
| 035 |
|
|
|a (OCoLC)913696130
|
| 040 |
|
|
|a MiAaPQ
|b eng
|e rda
|e pn
|c MiAaPQ
|d MiAaPQ
|
| 050 |
|
4 |
|a HF1359
|b .I584 2014
|
| 082 |
0 |
|
|a 337
|2 23
|
| 110 |
2 |
|
|a International Labour Organization.
|b Research Department,
|e author.
|
| 245 |
1 |
0 |
|a Crisis responses, competitiveness and jobs /
|c International Labour Organization Research Department.
|
| 264 |
|
1 |
|a Geneva, Switzerland :
|b International Labour Organization,
|c 2014.
|
| 264 |
|
4 |
|c 2014
|
| 300 |
|
|
|a 1 online resource (180 pages) :
|b illustrations, charts.
|
| 336 |
|
|
|a text
|2 rdacontent
|
| 337 |
|
|
|a computer
|2 rdamedia
|
| 338 |
|
|
|a online resource
|2 rdacarrier
|
| 490 |
1 |
|
|a Studies on Growth with Equity
|
| 504 |
|
|
|a Includes bibliographical references.
|
| 588 |
|
|
|a Description based on online resource; title from PDF title page (ebrary, viewed July 30, 2015).
|
| 590 |
|
|
|a Electronic reproduction. Ann Arbor, MI : ProQuest, 2016. Available via World Wide Web. Access may be limited to ProQuest affiliated libraries.
|
| 650 |
|
0 |
|a International economic relations.
|
| 655 |
|
4 |
|a Electronic books.
|
| 776 |
0 |
8 |
|i Print version:
|a International Labour Organization. Research Department.
|t Crisis responses, competitiveness and jobs.
|d Geneva, Switzerland : International Labour Organization, c2014
|h xv, 165 pages
|k Studies on growth with equity.
|z 9789221293170
|
| 797 |
2 |
|
|a ProQuest (Firm)
|
| 830 |
|
0 |
|a Studies on growth with equity.
|
| 856 |
4 |
0 |
|u https://ebookcentral.proquest.com/lib/matrademy/detail.action?docID=2083394
|z Click to View
|